Trombinoscope des créatures de la mythologie grecque - Statistiques

Statistiques générales
  • Ce quiz a été pris 491 fois
  • Le résultat moyen est 13 sur 20
Statistiques - réponses
Hint Réponse % Correct
Cyclope
89%
Minotaure
86%
Pégase
86%
Cerbère
84%
Centaure
83%
Nymphe
80%
Harpie
77%
Sphinx
77%
Hydre de Lerne
75%
Python
75%
Satyre
69%
Gorgone
67%
Triton
60%
Chimère
57%
Titan
50%
Échidna
50%
Dieu
49%
Hécatonchire
48%
Typhon
41%
Sirène
39%
Aucun quiz correspondant
Distribution des résultats
% des personnes avec chaque résultat
Percentile par nombre de réponses
Votre historique - résultats
Vous n’avez pas pris ce quiz